Statistiques concernant Tous les joueurs français des grands championnats étrangers 2021-2022

Cliquez ici pour prendre le quiz!

Statistiques générales

  • Ce quiz a été pris 293 fois
    (252 depuis la dernière actualisation)
  • Le résultat moyen est 49 sur 103

Statistiques - réponses

ChampionnatClubPosteJoueur% Correct
BundesligaBayern MunichDéfenseurLucas Hernandez
95%
Série AMilan ACDéfenseurThéo Hernandez
94%
Série AMilan ACAttaquantOlivier Giroud
93%
Série AMilan ACGardienMike Maignan
92%
Série AJuventusMilieuAdrien Rabiot
91%
LigaAtlético MadridAttaquantAntoine Griezmann
89%
BundesligaBayern MunichDéfenseurBenjamin Pavard
89%
LigaReal MadridAttaquantKarim Benzema
88%
Premier LeagueChelseaMilieuN'Golo Kanté
88%
LigaFC BarceloneAttaquantOusmane Dembélé
88%
Premier LeagueTottenhamGardienHugo Lloris
87%
BundesligaBayern MunichDéfenseurDayot Upamecano
86%
Premier LeagueManchester UnitedMilieuPaul Pogba
86%
Premier LeagueManchester CityDéfenseurBenjamin Mendy
85%
LigaReal MadridDéfenseurFerland Mendy
85%
BundesligaBayern MunchAttaquantKingsley Coman
85%
Premier LeagueLiverpoolDéfenseurIbrahima Konaté
83%
Premier LeagueManchester UnitedDéfenseurRaphaël Varane
83%
LigaReal MadridMilieuEduardo Camavinga
82%
LigaBétisMilieuNabil Fekir
81%
LigaFC SévilleDéfenseurJules Koundé
80%
BundesligaBayern MunichMilieuCorentin Tolisso
78%
Série AAS RomaMilieuJordan Veretout
78%
BundesligaBorussia MönchengladbachAttaquantMarcus Thuram
78%
LigaAtlético MadridMilieuThomas Lemar
77%
Premier LeagueArsenalAttaquantAlexandre Lacazette
76%
LigaFC BarceloneDéfenseurClément Lenglet
76%
LigaFC BarceloneDéfenseurSamuel Umtiti
76%
Premier LeagueWest HamGardienAlphonse Areola
74%
Série ASalernitanaAttaquantFranck Ribéry
74%
BundesligaBayer LeverkusenAttaquantMoussa Diaby
73%
Premier LeagueAston VillaDéfenseurLucas Digne
70%
Série AMilan ACDéfenseurPierre Kalulu
70%
Premier LeagueLeedsGardienIllan Meslier
67%
Premier LeagueWest HamDéfenseurKurt Zouma
67%
BundesligaBorussia MönchengladbachAttaquantAlassane Pléa
65%
Premier LeagueLeicesterDéfenseurWesley Fofana
65%
Premier LeagueNewcastleAttaquantAllan Saint-Maximin
64%
BundesligaLeipzigMilieuChristopher Nkunku
64%
Séria ASassuoloMilieuMaxime Lopez
62%
LigaAtlético MadridGardienBenjamin Lecomte
61%
LigaVillarealMilieuÉtienne Capoue
60%
BundesligaCologneAttaquantAnthony Modeste
55%
Premier LeagueBrightonAttaquantNeal Maupay
55%
LigaVillarealMilieuFrancis Coquelin
54%
LigaReal SociedadDéfenseurRobin Le Normand
54%
LigaFC SévilleAttaquantAnthony Martial
48%
BundesligaBorussia DortmundDéfenseurDan-Axel Zagadou
47%
BundesligaWolfsburgDéfenseurMaxence Lacroix
47%
Premier LeagueChelseaDéfenseurMalang Sarr
46%
BundesligaLeipzigDéfenseurNordi Mukiele
46%
BundesligaHertha BerlinMilieuLucas Tousart
45%
BundesligaBayer LeverkusenAttaquantAmine Adli
44%
BundesligaLeipzigDéfenseurMohamed Simakan
44%
Premier LeagueWatfordMilieuMoussa Sissoko
44%
BundesligaEintracht FrankfurtDéfenseurEvan Ndicka
41%
Série ANaplesDéfenseurKevin Malcuit
40%
Premier LeagueAston VillaMilieuMorgan Sanson
40%
Série AMilan ACMilieuTiemoué Bakayoko
40%
Séria ASassuoloAttaquantGrégoire Defrel
38%
LigaGrenadeMilieuMaxime Gonalons
38%
BundesligaBorussia MönchengladbachMilieuManu Koné
37%
Premier LeagueCrystal PalaceAttaquantOdsonne Edouard
37%
Premier LeagueWest HamDéfenseurIssa Diop
36%
Série AFiorentinaAttaquantJonathan Ikoné
35%
Premier LeagueWolverhamptonDéfenseurRayan Aït-Nouri
35%
BundesligaBayern MunichDéfenseurTanguy Nianzou Kouassi
35%
Premier LeagueCrystal PalaceMilieuMichael Olise
32%
Premier LeagueBrentfordAttaquantBryan Mbeumo
31%
Premier LeagueCrystal PalaceAttaquantJean-Philippe Mateta
31%
LigaDeportivo AlavésDéfenseurFlorian Lejeune
28%
Série AVeneziaMilieuMichaël Cuisance
28%
LigaRayo VallecanoGardienLuca Zidane
26%
BundesligaWolfsburgDéfenseurJérome Roussillon
25%
Premier LeagueLeicesterMilieuBoubakary Soumaré
24%
Premier LeagueSouthamptonMilieuIbrahima Diallo
24%
Série AJuventusAttaquantMarley Aké
22%
Premier LeagueNorwichMilieuPierre Lees-Melou
22%
Premier LeagueSouthamptonDéfenseurRomain Perraud
20%
LigaMajorqueMilieuClément Grenier
19%
BundesligaHoffenheimAttaquantGeorginio Rutter
19%
Série ABologneDéfenseurAdama Soumaoro
18%
BundesligaMayenceDéfenseurMoussa Niakhaté
17%
Série AVeneziaAttaquantThomas Henry
17%
BundesligaFribourgDéfenseurJonathan Schmid
16%
LigaValenceDéfenseurDimitri Foulquier
14%
Premier LeagueSouthamptonDéfenseurYan Valery
13%
BundesligaStuttgartAttaquantTanguy Coulibaly
11%
BundesligaHertha BerlinAttaquantMyziane Maolida
9%
Série ASalernitanaAttaquantLys Mousset
8%
Série ASpeziaAttaquantJanis Antiste
7%
Série ASpeziaDéfenseurKelvin Amian
7%
BundesligaBochumMilieuAnthony Losilla
5%
BundesligaStuttgartMilieuEnzo Millot
4%
Série AUdineseMilieuJean-Victor Makengo
4%
LigaRayo VallecanoMilieuRandy Nteka
4%
LigaLevanteMilieuMickaël Malsa
3%
BundesligaStuttgartMilieuNaouirou Ahamada
3%
Série AUdineseDéfenseurBrandon Soppy
2%
BundesligaArminia BielefeldAttaquantBryan Lasme
2%
LigaValenceMilieuKoba Koindredi
2%
BundesligaStuttgartAttaquantAlexis Tibidi
1%
BundesligaGreuther FürthDéfenseurAbdourahmane Barry
0%

Distribution des résultats

Percentile par nombre de réponses

% des personnes avec chaque résultat

Votre développement - résultats

Vous n’avez pas pris ce quiz depuis la dernière actualisation